El capital como factor del desarrollo de Galicia / (Record no. 117211)

MARC details
000 -LEADER
campo de control de longitud fija 00520nam a2200169 4500
001 - NÚMERO DE CONTROL
campo de control 117211
003 - IDENTIFICADOR DE NÚMERO DE CONTROL
campo de control ES-MaACL
005 - FECHA Y HORA DE LA ÚLTIMA TRANSACCIÓN
campo de control 20230906190840.0
007 - CAMPO FIJO DE DESCRIPCIÓN FÍSICA--INFORMACIÓN GENERAL
campo de control de longitud fija t|
008 - DATOS DE LONGITUD FIJA--INFORMACIÓN GENERAL
campo de control de longitud fija 070301s1970 sp r ||||1| spa d
100 1# - ENTRADA PRINCIPAL--NOMBRE DE PERSONA
Nombre de persona Paz-Andrade, Valentín.
9 (RLIN) 89764
245 13 - MENCIÓN DEL TÍTULO
Título El capital como factor del desarrollo de Galicia /
Mención de responsabilidad, etc. Valentín Paz-Andrade.
260 ## - PUBLICACIÓN, DISTRIBUCIÓN, ETC.
Lugar de publicación, distribución, etc. La Coruña :
Nombre del editor, distribuidor, etc. Banco del Noroeste,
Fecha de publicación, distribución, etc. 1970.
300 ## - DESCRIPCIÓN FÍSICA
Extensión 50 p., 1 lám. ;
Dimensiones 21 cm.
710 2# - ENTRADA AGREGADA--NOMBRE DE ENTIDAD CORPORATIVA
Nombre de entidad corporativa o nombre de jurisdicción como elemento de entrada Banco del Noroeste.
9 (RLIN) 2120
852 ## - LOCALIZACIÓN
Ubicación ES-MaACL
Número de control de estantería C-46294
Sublocalización o colección R.76852
Holdings
Estatus retirado Estado de pérdida Estado de daño No para préstamo Biblioteca de origen Biblioteca actual Ubicación en estantería Fecha de adquisición Fuente de adquisición Total de préstamos Signatura topográfica completa Código de barras Visto por última vez Precio de reemplazo Tipo de ítem Koha
        Biblioteca del Ateneo de Madrid Biblioteca del Ateneo de Madrid Depósito 2 17/01/2008     C-46294 1122203 23/02/2023 23/02/2023 Libro impreso